Desarrollo local en la sociedad de la información : (Record no. 55726)

MARC details
000 -LEADER
campo de control de longitud fija 02073cam a2200337 i 4500
001 - NÚMERO DE CONTROL
campo de control 116396
005 - FECHA Y HORA DE LA ÚLTIMA TRANSACCIÓN
campo de control 20230410121003.0
008 - DATOS DE LONGITUD FIJA--INFORMACIÓN GENERAL
campo de control de longitud fija 140715b2005 ag a 000 0 spa
020 ## - NÚMERO INTERNACIONAL ESTÁNDAR DEL LIBRO
Número Internacional Estándar del Libro 9871004869
041 0# - CÓDIGO DE IDIOMA
Código de lengua del texto/banda sonora o título independiente spa
050 14 - SIGNATURA TOPOGRÁFICA DE LA BIBLIOTECA DEL CONGRESO
Número de clasificación JF 152
Número de ítem D441 2005
082 00 - NÚMERO DE LA CLASIFICACIÓN DECIMAL DEWEY
Número de clasificación 351
245 00 - MENCIÓN DEL TÍTULO
Título Desarrollo local en la sociedad de la información :
Resto del título municipios e internet /
Mención de responsabilidad, etc. Susana Finquelievich (coord.) ; autores Alejandro Artopoulos ... [et al.].
260 ## - PUBLICACIÓN, DISTRIBUCIÓN, ETC.
Lugar de publicación, distribución, etc. Buenos Aires :
Nombre del editor, distribuidor, etc. La Crujía,
Fecha de publicación, distribución, etc. 2005.
300 ## - DESCRIPCIÓN FÍSICA
Extensión 249 p.;
Dimensiones 20 cm.
440 #0 - MENCIÓN DE SERIE/PUNTO DE ACCESO ADICIONAL--TÍTULO
Título Inclusiones.
Nombre de parte o sección de la obra Categorías.
504 ## - NOTA DE BIBLIOGRAFÍA, ETC.
Nota de bibliografía, etc. Incluye bibliografía.
505 0# - NOTA DE CONTENIDO CON FORMATO
Nota de contenido con formato ntroducción: Desarrollo local en la era digital / Susana Finquelievich -- Redes asociativas, TIC y formación de funcionarios / Ester Kaufman -- E-democracia y desarrollo : límites politológicos / Alejandro Prince -- La sociedad civil y la sociedad de la información : lo local como eje de convergencia / Florencia Del Gizzo y Adrián Rozengardt -- Uso efectivo : una estrategia de informática para la comunidad más allá de la brecha digital / Michael Gurstein -- Municipios, empresas y nueva economía en la era digital / Alejandro Artopoulos -- De patitos feos a cisnes : medios de innovación en áreas no metropolitanas / Susana Finquelievich -- Investigación en Internet y nuevos modelos de desarrollo : el proyecto i2CAT / Artur Serra -- Informatización de municipios : factores críticos para el éxito / Roxana Bassi, Vera Caruso
650 #0 - PUNTO DE ACCESO ADICIONAL DE MATERIA--TÉRMINO DE MATERIA
Término de materia o nombre geográfico como elemento de entrada Internet in public administration.
650 #0 - PUNTO DE ACCESO ADICIONAL DE MATERIA--TÉRMINO DE MATERIA
Término de materia o nombre geográfico como elemento de entrada Information technology
Subdivisión general Economic aspects.
650 #0 - PUNTO DE ACCESO ADICIONAL DE MATERIA--TÉRMINO DE MATERIA
Término de materia o nombre geográfico como elemento de entrada Local government
Subdivisión general Data processing.
650 #0 - PUNTO DE ACCESO ADICIONAL DE MATERIA--TÉRMINO DE MATERIA
Término de materia o nombre geográfico como elemento de entrada Internet in public administration
Subdivisión geográfica Argentina.
650 #0 - PUNTO DE ACCESO ADICIONAL DE MATERIA--TÉRMINO DE MATERIA
Término de materia o nombre geográfico como elemento de entrada Information technology
Subdivisión general Economic aspects
Subdivisión geográfica Argentina.
650 #0 - PUNTO DE ACCESO ADICIONAL DE MATERIA--TÉRMINO DE MATERIA
Término de materia o nombre geográfico como elemento de entrada Local government
Subdivisión geográfica Argentina
Subdivisión general Data processing.
650 #4 - PUNTO DE ACCESO ADICIONAL DE MATERIA--TÉRMINO DE MATERIA
Término de materia o nombre geográfico como elemento de entrada Administración pública
Subdivisión general Inovaciones tecnológicas.
650 #4 - PUNTO DE ACCESO ADICIONAL DE MATERIA--TÉRMINO DE MATERIA
Término de materia o nombre geográfico como elemento de entrada Administración pública en internet.
650 #4 - PUNTO DE ACCESO ADICIONAL DE MATERIA--TÉRMINO DE MATERIA
Término de materia o nombre geográfico como elemento de entrada Internet
Subdivisión general Usos.
700 1# - ENTRADA AGREGADA--NOMBRE PERSONAL
Nombre de persona Finquelievich, Susana,
Término indicativo de función/relación coord.
700 1# - ENTRADA AGREGADA--NOMBRE PERSONAL
Nombre de persona Artopoulos, Alejandro.
942 ## - ELEMENTOS DE ENTRADA SECUNDARIOS (KOHA)
Fuente del sistema de clasificación o colocación Clasificación de Library of Congress
Tipo de ítem Koha
Holdings
Estatus retirado Estado de pérdida Fuente del sistema de clasificación o colocación Estado de daño No para préstamo Colección Biblioteca de origen Biblioteca actual Ubicación en estantería Fecha de adquisición Serial enumeration / chronology Signatura topográfica completa Código de barras Visto por última vez Copia número Tipo de ítem Koha
    Clasificación de Library of Congress     Ciencias Sociales Biblioteca Juan Bosch Biblioteca Juan Bosch Ciencias Sociales (3er. Piso) 10/04/2023 1 JF 152 D441 2005 00000110202 24/10/2018 1